Giúp đỡ trẻ em mù : Từ sơ sinh đến 5 tuổi
Nội dung sách giới thiệu về hướng dẫn chung cho các hoạt động học tập, tìm hiểu xem trẻ có thể nhìn thấy những gì? Các hoạt động cho trẻ sơ sinh...
সংরক্ষণ করুন:
| প্রধান লেখক: | |
|---|---|
| বিন্যাস: | গ্রন্থ |
| ভাষা: | Undetermined |
| প্রকাশিত: |
Hà Nội
Giáo dục Việt Nam
2010
|
| বিষয়গুলি: | |
| ট্যাগগুলো: |
ট্যাগ যুক্ত করুন
কোনো ট্যাগ নেই, প্রথমজন হিসাবে ট্যাগ করুন!
|
| Thư viện lưu trữ: | Trung tâm Học liệu Trường Đại học Cần Thơ |
|---|
| LEADER | 00972nam a2200241Ia 4500 | ||
|---|---|---|---|
| 001 | CTU_238473 | ||
| 008 | 210402s9999 xx 000 0 und d | ||
| 082 | |a 371.911 | ||
| 082 | |b N671 | ||
| 100 | |a Niemann, Sandy | ||
| 245 | 0 | |a Giúp đỡ trẻ em mù : | |
| 245 | 0 | |b Từ sơ sinh đến 5 tuổi | |
| 245 | 0 | |c Sandy Niemann, Namita Jacob ; Bùi Đức Thắng (dịch) | |
| 260 | |a Hà Nội | ||
| 260 | |b Giáo dục Việt Nam | ||
| 260 | |c 2010 | ||
| 520 | |a Nội dung sách giới thiệu về hướng dẫn chung cho các hoạt động học tập, tìm hiểu xem trẻ có thể nhìn thấy những gì? Các hoạt động cho trẻ sơ sinh... | ||
| 526 | |a Giáo dục hòa nhập | ||
| 526 | |b SG394 | ||
| 650 | |a Trẻ em khuyết tật,Handicapped children | ||
| 650 | |x Giáo dục,Education | ||
| 910 | |b dqhieu | ||
| 980 | |a Trung tâm Học liệu Trường Đại học Cần Thơ | ||